История России #26: Александр II - Statistics

General Stats
  • This quiz has been taken 38 times
    36 since last reset
  • The average score is 22 of 50
Answer Stats
Вопрос Ответ % Correct
Крестьянская реформа 1861
83%
Продажа Аляски 1867
83%
Земская реформа 1864
67%
Подписание союза трехимператоров 1873
67%
Русско-турецкая война 1877-1878
67%
Юридический статус крестьян, ещене выплативших долг государству Временнообязанный
63%
Судебная реформа 1864
63%
Окончание военное реформы 1874
63%
Военный министр, авторвоенной реформы Д.А. Милютин
58%
Договор, завершившийрусско-турецкую войну Сан-Стефанский мир
58%
Город, где был проведен конгресс,изменивший итог русско-турецкой войны не в пользу России Берлин
58%
"Белый генерал", освободитель Болгарии, участник русско-турецкой М.Д. Скобелев
54%
Террористическое крыло первойреволюционной организации, отделившееся в 1879 Народная воля
54%
Первое покушение на Александра II 1866
54%
Покушение на Александра II,осуществленное в Зимнем дворце террористом С.Н. Халтуриным 1880
54%
Народническое движение, подразумевающее активное сближение с крестьянством. Назовите именно акт "сближения" Хождение в народ
50%
Дата убийства Александра II 01.03.1881
50%
Террористка, в 1878 совершившаяпокушение на градоначальника Петербурга В.И. Засулич
46%
Петербургский градоначальник, на которого в 1878 было совершенно покушение Ф.Ф. Трепов
46%
Айгунский договор 1858
46%
Реформа высшего образования 1863
46%
Польское восстание 1863-1864
46%
Цензурная реформа Александра II 1865
46%
Революционная организация,возникшая в 1861 году Земля и воля
42%
Умеренное крыло первой революционной организации, отделившееся в 1879 Черный передел
42%
Террорист, совершивший первоепокушение на Александра II Д.В. Каракозов
42%
Министр внутренних дел 1880-1881,возглавивший реформы М.Т. Лорис-Меликов
42%
Город, взятие которого стало главной победой русско-турецкой войны Плевна
42%
Главный разработчик крестьянскойреформы Н.А. Милютин
42%
Нота А.М. Горчакова 1870
42%
Лондонская конференция по проливам 1871
42%
Санкт-Петербургский договор с Японией 1875
42%
То, что обязаны были выплатитьгосударству крестьяне Выкупные платежи
38%
Революционер, убивший студентаИванова, глава общества "Народная расправа" С.Г. Нечаев
38%
Пекинский договор 1860
38%
Взятие Ташкента 1865
38%
Принцип комплектования армии по военной реформе Всеобщая воинская повинность
38%
Пленение имама Шамиля в аулеГуниб 1859
33%
Великий князь, глава группировки"либеральных бюрократов" КонстантинНиколаевич
33%
Произведение, созданноереволюционером, позже убившим студента Иванова Катехизисреволюционера
29%
Министр финансов, ставший однимиз авторов проектов 1880-1881 А.А. Абаза
25%
Хивинский поход 1873
25%
Лидер умеренного крыла первойреволюционной организации Г.В. Плеханов
21%
Создатель кружка, членом которогобыл террорист, совершивший первое покушение на Александра II Н.А. Ишутин
21%
Убийца Александра II И.И. Гриневицкий
21%
Соглашение между помещиков икрепостными об условиях выкупа Уставная грамота
21%
Финансовая реформа 1862
17%
Чрезвычайный орган власти,созданный в 1880 Верховная распорядительная комиссия
17%
Города, где были проведены съезды, расколовшие первую революционную организацию Липецк, Воронеж
13%
Предписание, ограничившее использование украинского языка в Российской империи Валуевский циркуляр,Эмсский указ
8%
No matching quizzes found
Score Distribution
Percent of People with Each Score
Percentile by Number Answered
Your Score History
You have not taken this quiz since the last reset